000 00605nam a22001937a 4500
005 20240816102606.0
010 _aENG-141042
020 _c200.00
_a9789358195446
035 _aEN-124574
037 _bDBAD
082 _a881
_21
100 _aSaikia, Kritashree
_970079
245 _aThe Bond of Eternity/
_cBy Kritashree Saikia
250 _a1
260 _aUttar Pradesh
_bBLUEROSE PUBLISHERS
_c2023
270 _bUttar Pradesh
_aABL Workspaces, B-6, Amaltash Marg, Block B, Sector 4, Noida, Uttar Pradesh
_e201301
300 _a136p.
_c20cm(pbk)
942 _2ddc
_h881
_cEN
_mSAI
_e1
999 _c205060
_d205060